Ошибки, опасности и непредвиденные осложнения при лечении хирургических заболеваний. Т. 1 (Запись № 13620108)

Подробности
000 -МАРКЕР
контрольное поле 01876nam2a2200277 4500
001 - ИДЕНТИФИКАТОР ЗАПИСИ
контрольное поле rc\3025641
005 - ИДЕНТИФИКАТОР ВЕРСИИ
контрольное поле 20260315064907.0
035 ## - ДРУГИЕ СИСТЕМНЫЕ НОМЕРА
Идентификатор записи (NLR Aleph) 007167064
100 ## - ДАННЫЕ ОБЩЕЙ ОБРАБОТКИ
Данные общей обработки 20080606d1936 u y0rusy50 ca
101 0# - ЯЗЫК РЕСУРСА
Язык текста, звукозаписи и т.д. русский
102 ## - СТРАНА ПУБЛИКАЦИИ ИЛИ ПРОИЗВОДСТВА
Страна публикации российская федерация
105 ## - ПОЛЕ КОДИРОВАННЫХ ДАННЫХ: ТЕКСТОВЫЕ МАТЕРИАЛЫ, МОНОГРАФИЧЕСКИЕ
Кодированные данные о монографическом текстовом документе a z |||||
200 0# - ЗАГЛАВИЕ И СВЕДЕНИЯ ОБ ОТВЕТСТВЕННОСТИ
Основное заглавие Т. 1
Первые сведения об ответственности Сост. проф. Л.А. Андреев, проф. Э.Р. Гессе, проф. С.С. Гирголав ... [и др.]
210 ## - ПУБЛИКАЦИЯ, РАСПРОСТРАНЕНИЕ И ДР.
Дата издания, распространения и т.д. 1936
215 ## - ФИЗИЧЕСКАЯ ХАРАКТЕРИСТИКА
Специфическое обозначение материала и объем Переплет, [8], 544 с.
Другие сведения о физической характеристике ил.
320 ## - ПРИМЕЧАНИЯ О НАЛИЧИИ В ДОКУМЕНТЕ БИБЛИОГРАФИИ / УКАЗАТЕЛЯ
Текст примечания Библиогр.: "Литература" в конце каждой главы
461 #0 - УРОВЕНЬ НАБОРА
Встроенное поле 001rc\3025640
-- 2000#$aОшибки, опасности и непредвиденные осложнения при лечении хирургических заболеваний$eРуководство для врачей$eВ 4 томах$eТ. 1-$fПод ред. проф. Э.Р. Гессе, С.С. Гирголав, В.А. Шаак$gСост. проф. Г.А. Альбрехт, проф. Л.А. Андреев, пр.-доц. Л.С. Беккерман ... [и др.]$vТ. 1
Системный номер (АБИС) связанной записи 7307789
Место публикации Ленинград
Дата публикации 1936
Первые сведения об ответственности Под ред. проф. Э.Р. Гессе, С.С. Гирголав, В.А. Шаак
Имя издателя, распространителя и т.д. Биомедгиз. Ленингр. отд-ние
Сведения, относящиеся к заглавию Руководство для врачей : В 4 томах : Т. 1-
Заглавие Ошибки, опасности и непредвиденные осложнения при лечении хирургических заболеваний
Номер тома Т. 1
702 #1 - ИМЯ ЛИЦА - ВТОРИЧНАЯ ОТВЕТСТВЕННОСТЬ
Начальный элемент ввода Андреев
Часть имени, кроме начального элемента ввода Л.А.
Код отношения Составитель
702 #1 - ИМЯ ЛИЦА - ВТОРИЧНАЯ ОТВЕТСТВЕННОСТЬ
Начальный элемент ввода Гессе
Часть имени, кроме начального элемента ввода Э.Р.
Расширение инициалов личного имени Эрих Робертович
Код отношения Составитель
702 #1 - ИМЯ ЛИЦА - ВТОРИЧНАЯ ОТВЕТСТВЕННОСТЬ
Код отношения Составитель
Графика поля Кириллица
Материалы, к которым относится поле rus
Начальный элемент ввода Гирголав
Часть имени, кроме начального элемента ввода С. С.
Даты 1881-1957
Расширение инициалов личного имени Семён Семёнович
Системный номер авторитетной/нормативной записи 227271
Идентификатор авторитетной/нормативной записи RU\NLR\AUTH\770227327
801 #0 - ИСТОЧНИК ЗАПИСИ
Страна российская федерация
Организация NLR
Правила каталогизации psbo
801 #1 - ИСТОЧНИК ЗАПИСИ
Страна российская федерация
Организация ELAR
Источник данных rusmarc
852 ## - МЕСТОНАХОЖДЕНИЕ И ШИФР ХРАНЕНИЯ
Идентификатор организации NLR
Шифр хранения (Call Number) 36-19/227(1)
942 ## - ДОПОЛНИТЕЛЬНЫЕ ЭЛЕМЕНТЫ ЗАПИСИ (АБИС)
Тип экземпляра АБИС Неопределено
980 ## - КОЛЛЕКЦИЯ
Название коллекции Национальная библиография

Нет доступных экземпляров.